| 000 | 01650cam a22004695a 4500 | ||
|---|---|---|---|
| 999 |
_c26481 _d26453 |
||
| 001 | 13635679 | ||
| 003 | EG-ScBUE | ||
| 005 | 20210922100938.0 | ||
| 008 | 040624t2005 maua f b 001 0 eng d | ||
| 020 | _a1413006280 (v. 4) | ||
| 020 | _a9781413006285 (v. 4) | ||
| 020 | _a9781413006278 (v. 3) | ||
| 020 | _a1413006272 (v. 3) | ||
| 020 | _a9781413006254 (v. 1) | ||
| 020 | _a1413006256 (v. 1) | ||
| 020 | _a1413006264 (v. 2) | ||
| 020 | _a9781413006261 (v. 2) | ||
| 040 |
_aDLC _beng _erda _cDLC _dDLC _dEG-ScBUE |
||
| 082 | 0 | 4 |
_a428.24927 _bTAP _222 |
| 245 | 0 | 0 |
_aTapestry : _bwriting / _cRebecca L. Oxford, series editor, Meredith Pike-Baky, writing editor. |
| 250 | _aMiddle East edition. | ||
| 264 | 1 |
_aBoston, Massachusetts : _bThomson/Heinle, _c[2005] |
|
| 264 | 4 | _cc2005 | |
| 300 |
_a4 volumes : _billustrations ; _c26 cm |
||
| 336 |
_2rdacontent _atext _btxt |
||
| 337 |
_2rdamedia _aunmediated _bn |
||
| 338 |
_2rdacarrier _avolume _bnc |
||
| 500 | _aIncludes appendix. | ||
| 504 | _aIncludes bibliographical references and index. | ||
| 505 | 0 | _aVolume 1 -- Volume 2 -- Volume 3 -- Volume 4. | |
| 650 | 7 |
_aEnglish language _vTextbooks for foreign speakers _xArabic. _2BUEsh |
|
| 650 | 7 |
_aEnglish language _xComposition and exercises. _2BUEsh |
|
| 650 | 7 |
_aEnglish language _xSpoken English _vProblems, exercises, etc. _2BUEsh |
|
| 650 | 7 |
_aListening _vProblems, exercises, etc. _2BUEsh |
|
| 651 | _2BUEsh | ||
| 653 |
_bHHUUEENN _bGGEN _cApril2018 |
||
| 655 |
_vReading book _934232 |
||
| 700 | 1 |
_aOxford, Rebecca L., _eeditor. _930362 |
|
| 700 | 1 |
_aPike-Baky, Meredith, _eeditor. |
|
| 942 |
_2ddc _cBB |
||